00657nam a2200241 a 4500001001300000003000900013005001700022008004100039020001000080082001300090100001900103245003300122260005000155300000900205500003500214505001200249650001400261700001900275902000800294942000700302952009300309999001300402nice12345678IN_TiNIC20260116011316.0050524s1912 lona grp 000 0 eng  ac10000a234bTIS aTisdall, Clair aPath of Lifeb Tariqul-Hayat aLondon & MadrasbChristian Lit. Societyc1912 a335p aincludes index and biblioraphy2 aIndexes aSalvation1 aTisdall, Clair bSRS cBK 00104070aHMIbHMId2007-06-20g100.00l0o234 TISp3006r2007-06-20w2026-01-16yARB c381d381